000 01302cam a22002294a 4500
005 20250605164059.0
008 250528s ||||||||||||||||||||||||d
035 _a17561
020 _a9789602186930
040 _aGR-AtMCL
_bgre
_dGR-AtMCL
_eAACR2
245 1 _aΨηφιακά Μέσα / Ο Πολιτισμός του Ήχου και του Θεάματος
250 _a
260 _bΚριτική,
_c2010
300 _a470
520 _aΣήμερα, όλα όσα γνωρίζαμε από την εποχή των μαζικών μέσων και της μαζικής κουλτούρας είτε δεν επαρκούν είτε δεν ισχύουν. Το έργο της μελέτης και της θεωρίας των μέσων επικοινωνίας αρχίζει εκ νέου. Πρόλογος, Κινηματογράφος, Τηλεόραση, Ήχος-Μουσική, Ψηφιακή Κουλτούρα, Βιογραφικά των Συγγραφέων, Ευρετήριο Ορολογίας, Ευρετήριο Ονομάτων.
700 1 _aΚοκκώνης Μιχάλης
_93713
700 1 _aΜπαντιμαρούδης Φιλημων
_93714
700 1 _aΠασχαλίδης Γρηγόρης
_93715
942 _cBK
999 _c2965
_d2965